Comparison of Selected Aspects of Regional Self-Government in the V4 Countries

Cieľom článku je porovnať vybrané aspekty regionálnej samosprávy v krajinách Vyšehradskej štvorky z hľadiska ich definovaných kompetenčných rámcov a aktuálnej situácie. Článok je popisný, vychádza z odpovedí na dotazník adresovaný predstaviteľom regionálnych vlád v krajinách V4. Jeho pridanou hodnot...

Full description

Saved in:
Bibliographic Details
Main Author: Janas, Karol
Other Authors: Jánošková, Barbora
Format: Book Chapter
Language:English
Subjects:
Tags: Add Tag
No Tags, Be the first to tag this record!

MARC

LEADER 00000naa a2200000 4500
001 0300202
005 20240430100004.6
041 0 |a eng 
044 |a SK 
245 1 0 |a Comparison of Selected Aspects of Regional Self-Government in the V4 Countries  |c Karol Janas, Barbora Jánošková 
520 |a Cieľom článku je porovnať vybrané aspekty regionálnej samosprávy v krajinách Vyšehradskej štvorky z hľadiska ich definovaných kompetenčných rámcov a aktuálnej situácie. Článok je popisný, vychádza z odpovedí na dotazník adresovaný predstaviteľom regionálnych vlád v krajinách V4. Jeho pridanou hodnotou je priniesť povedomie o odlišnostiach systémov verejnej správy v uvedených krajinách a poskytnúť inšpirácie a príklady dobrej praxe na základe porovnania vybraných aspektov. 
610 2 0 |a samospráva regionálna 
610 2 0 |a kompetencie 
610 2 0 |a Vyšehradská štvorka 
100 1 |a Janas, Karol 
700 1 |a Jánošková, Barbora